000 00528nam a2200217Ia 4500
003 0100
008 130303s9999 xx 000 0 und d
020 _a2738408931
040 _cARRUPELIB
050 _aHC800.K33 1991
100 _aKabou, Axelle
245 _aEt si l'Afrique refusait le development?
260 _aParis
260 _bEditions L'Harmattan
260 _C1991
300 _a207p.
300 _b 22cm.
650 _bRorty, Richard
650 _cPragmatism--History--20th century
942 _2lcc
_01
999 _c65719
_d65719